[Event "SK Bocholt 1 - TV Borken 1"]
[Site "Regionalliga Platz 9 - 12 202"]
[Date "2023.03.18"]
[Round "2.1"]
[White "Schulze Schwering, Philipp"]
[Black "Fuest, Martin"]
[Result "1/2-1/2"]
[WhiteElo "2038"]
[BlackElo "2148"]
[PlyCount "25"]
[EventDate "2023.??.??"]
[SourceTitle "Verband Muensterland"]
[SourceDate "2023.04.01"]
[SourceVersion "1"]
[SourceVersionDate "2023.04.01"]
[SourceQuality "1"]
[WhiteTeam "TV Borken 1"]
[BlackTeam "SK Bocholt 1"]

1. d4 Nf6 2. Nf3 e6 3. g3 d5 4. Bg2 Be7 5. O-O O-O 6. c4 dxc4 7. Qc2 a6 8. a4
Bd7 9. Qxc4 Bc6 10. Bg5 b5 11. Qc2 Be4 12. Qc1 Nc6 13. e3 1/2-1/2

[Event "SK Bocholt 1 - TV Borken 1"]
[Site "Regionalliga Platz 9 - 12 202"]
[Date "2023.03.18"]
[Round "2.2"]
[White "Naumann, Felix"]
[Black "Schroer, Klaus"]
[Result "0-1"]
[WhiteElo "1896"]
[BlackElo "1998"]
[PlyCount "101"]
[EventDate "2023.??.??"]
[SourceTitle "Verband Muensterland"]
[SourceDate "2023.04.01"]
[SourceVersion "1"]
[SourceVersionDate "2023.04.01"]
[SourceQuality "1"]
[WhiteTeam "SK Bocholt 1"]
[BlackTeam "TV Borken 1"]

1. d4 d5 2. Bf4 Nf6 3. Nf3 c5 4. c3 Nc6 5. dxc5 e6 6. b4 Ne4 7. Nfd2 Qf6 8.
Nxe4 Qxf4 9. Ng3 a5 10. e3 Qh4 11. Qa4 Be7 12. Nd2 O-O 13. Nf3 Qf6 14. Rc1 Bd7
15. Qb3 axb4 16. cxb4 b6 17. Bb5 bxc5 18. bxc5 Na5 19. Qb4 Bxb5 20. Qxb5 Rfb8
21. Qd7 Rd8 22. Qb5 Rdb8 23. Qd7 Rd8 24. Qb5 Nc4 25. O-O Ra5 26. Qc6 Rxc5 27.
Qb7 Bd6 28. a4 Ra5 29. Qc6 Rc5 30. Qb7 Ra5 31. Qc6 Qe7 32. e4 Rc5 33. Qa6 Ra5
34. Qc6 Rc5 35. Qa6 Bf4 36. Rb1 Ra5 37. Qc6 Rc5 38. Qa6 Bxg3 39. fxg3 dxe4 40.
Rb7 Qf6 41. Rxf7 Qxf7 42. Ng5 Qd7 43. Qxe6+ Qxe6 44. Nxe6 Rdc8 45. Nxc5 Rxc5
46. Rc1 Rc6 47. Kf2 Kf7 48. Rb1 h6 49. Rb4 Nd6 50. Ke3 Ke6 51. Rb2 0-1

[Event "SK Bocholt 1 - TV Borken 1"]
[Site "Regionalliga Platz 9 - 12 202"]
[Date "2023.03.18"]
[Round "2.3"]
[White "Beckmann, David"]
[Black "Kuhlenbaeumer, Willi"]
[Result "0-1"]
[WhiteElo "2019"]
[BlackElo "1935"]
[PlyCount "88"]
[EventDate "2023.??.??"]
[SourceTitle "Verband Muensterland"]
[SourceDate "2023.04.01"]
[SourceVersion "1"]
[SourceVersionDate "2023.04.01"]
[SourceQuality "1"]
[WhiteTeam "TV Borken 1"]
[BlackTeam "SK Bocholt 1"]

1. d4 Nf6 2. Nf3 d6 3. g3 g6 4. Bg2 Bg7 5. c4 O-O 6. O-O Nc6 7. Nc3 e5 8. d5
Ne7 9. e4 Ne8 10. Ne1 f5 11. Nd3 Nf6 12. f3 h6 13. Be3 g5 14. Rc1 f4 15. Bf2
Ng6 16. c5 Rf7 17. cxd6 cxd6 18. Nb5 a6 19. Na3 h5 20. Nc4 Ne8 21. Nb6 Rb8 22.
Nxc8 Rxc8 23. Qa4 Rxc1 24. Rxc1 g4 25. gxf4 exf4 26. Kh1 Kh7 27. Qc2 Ne5 28.
Nxe5 Bxe5 29. Qc8 Qxc8 30. Rxc8 Nf6 31. b4 Kg6 32. a4 Nh7 33. Bh4 Bf6 34. Bf2
Ng5 35. fxg4 hxg4 36. Rc4 Rh7 37. Kg1 Be5 38. Bd4 Kf6 39. b5 axb5 40. axb5
Bxd4+ 41. Rxd4 Rc7 42. Rd1 Ke5 43. b6 Rc2 44. Re1 f3 0-1

[Event "SK Bocholt 1 - TV Borken 1"]
[Site "Regionalliga Platz 9 - 12 202"]
[Date "2023.03.18"]
[Round "2.4"]
[White "Sell, Markus"]
[Black "Farwick, Christian"]
[Result "1/2-1/2"]
[WhiteElo "1824"]
[BlackElo "1890"]
[PlyCount "70"]
[EventDate "2023.??.??"]
[SourceTitle "Verband Muensterland"]
[SourceDate "2023.04.01"]
[SourceVersion "1"]
[SourceVersionDate "2023.04.01"]
[SourceQuality "1"]
[WhiteTeam "SK Bocholt 1"]
[BlackTeam "TV Borken 1"]

1. d4 Nf6 2. Nf3 d5 3. Bg5 c6 4. c3 Qb6 5. Qb3 Bf5 6. Nbd2 Nbd7 7. e3 h6 8. Bh4
e6 9. Be2 Bd6 10. Bg3 Bxg3 11. hxg3 Ne4 12. Nxe4 Bxe4 13. Qxb6 axb6 14. O-O Ke7
15. Nd2 Bh7 16. a3 b5 17. f3 f6 18. e4 Rae8 19. exd5 exd5 20. Rae1 Kd6 21. Kf2
Nb6 22. Bd1 Bd3 23. Rxe8 Rxe8 24. Re1 Rxe1 25. Kxe1 g5 26. Bb3 f5 27. Kf2 Nc4
28. Bxc4 bxc4 29. g4 Ke6 30. gxf5+ Kxf5 31. Ke3 h5 32. Kf2 h4 33. Ke1 Kf4 34.
Kf2 b6 35. b3 cxb3 1/2-1/2

[Event "SK Bocholt 1 - TV Borken 1"]
[Site "Regionalliga Platz 9 - 12 202"]
[Date "2023.03.18"]
[Round "2.5"]
[White "Boldrick, Marcel"]
[Black "Hunhoff, Andreas"]
[Result "1-0"]
[WhiteElo "1730"]
[BlackElo "1772"]
[PlyCount "37"]
[EventDate "2023.??.??"]
[SourceTitle "Verband Muensterland"]
[SourceDate "2023.04.01"]
[SourceVersion "1"]
[SourceVersionDate "2023.04.01"]
[SourceQuality "1"]
[WhiteTeam "TV Borken 1"]
[BlackTeam "SK Bocholt 1"]

1. e4 c5 2. Nf3 Nc6 3. d4 cxd4 4. Nxd4 d6 5. Nc3 Bd7 6. Be3 a6 7. Qd2 Nf6 8. f3
Qa5 9. Be2 Rc8 10. g4 h6 11. h3 b5 12. Nb3 Qc7 13. f4 Be6 14. Bf3 Bc4 15. O-O-O
Na5 16. Kb1 b4 17. Na4 Nd7 18. Qxb4 Bxb3 19. cxb3 1-0

[Event "SK Bocholt 1 - TV Borken 1"]
[Site "Regionalliga Platz 9 - 12 202"]
[Date "2023.03.18"]
[Round "2.6"]
[White "Steiner, Karl"]
[Black "Klueppel, Ralf"]
[Result "1-0"]
[WhiteElo "1868"]
[BlackElo "1767"]
[PlyCount "69"]
[EventDate "2023.??.??"]
[SourceTitle "Verband Muensterland"]
[SourceDate "2023.04.01"]
[SourceVersion "1"]
[SourceVersionDate "2023.04.01"]
[SourceQuality "1"]
[WhiteTeam "SK Bocholt 1"]
[BlackTeam "TV Borken 1"]

1. c4 Nf6 2. Nf3 g6 3. b3 Bg7 4. Bb2 O-O 5. g3 d5 6. Bg2 c5 7. cxd5 Qxd5 8. O-O
Nc6 9. Ne5 Qd6 10. Nxc6 bxc6 11. d3 Rd8 12. Nd2 Be6 13. Rc1 Bh6 14. Ba3 Rac8
15. Bxc5 Qd7 16. Rc2 Bd5 17. Nf3 Qb7 18. Qa1 Bg7 19. Qc1 Ng4 20. Bh3 h5 21. Bg2
Bh6 22. Qa3 Rd7 23. h3 Nf6 24. e4 Be6 25. Nd4 Rcd8 26. Nxe6 fxe6 27. e5 Nd5 28.
Be4 Kf7 29. Rc4 g5 30. Qc1 Rh8 31. Qd1 Qb8 32. Qxh5+ Kf8 33. Qg6 Nc7 34. Bxc6
Rd8 35. Qf6+ 1-0

[Event "SK Bocholt 1 - TV Borken 1"]
[Site "Regionalliga Platz 9 - 12 202"]
[Date "2023.03.18"]
[Round "2.7"]
[White "Schmidt, Sebastian"]
[Black "Steverding, Tim"]
[Result "1-0"]
[WhiteElo "1664"]
[BlackElo "1544"]
[PlyCount "165"]
[EventDate "2023.??.??"]
[SourceTitle "Verband Muensterland"]
[SourceDate "2023.04.01"]
[SourceVersion "1"]
[SourceVersionDate "2023.04.01"]
[SourceQuality "1"]
[WhiteTeam "TV Borken 1"]
[BlackTeam "SK Bocholt 1"]

1. e4 c6 2. Nf3 d5 3. Nc3 e6 4. d4 dxe4 5. Nxe4 Be7 6. Bd3 Nf6 7. O-O Nbd7 8.
Bf4 Nxe4 9. Bxe4 Nf6 10. Bd3 O-O 11. c3 c5 12. Qc2 cxd4 13. Nxd4 a6 14. Rad1
Qa5 15. Nb3 Qh5 16. Rfe1 Nd5 17. Re5 g5 18. Bc1 Bf6 19. Be2 Qg6 20. Qxg6+ hxg6
21. Re4 Bd8 22. Bf3 f5 23. Red4 Bf6 24. Rc4 g4 25. Be2 Bd7 26. Nc5 Bc8 27. Nd3
b5 28. Rc6 Kf7 29. Nc5 Ne7 30. Rcd6 Be5 31. R6d2 Nd5 32. c4 bxc4 33. Bxc4 Bf4
34. Bxd5 exd5 35. Rxd5 Bxc1 36. Rxc1 Re8 37. Kf1 Ra7 38. Re1 Rae7 39. Rxe7+
Rxe7 40. f3 gxf3 41. gxf3 Be6 42. Nxe6 Kxe6 43. Ra5 Ra7 44. b4 Kd6 45. b5 Kc5
46. Rxa6 Rh7 47. Kg2 Kxb5 48. Rxg6 Ra7 49. Rf6 Rxa2+ 50. Kg3 Kc5 51. Rxf5+ Kd6
52. h4 Ke6 53. Rf8 Ra1 54. h5 Ke7 55. Rf5 Ke6 56. Kg4 Rg1+ 57. Kf4 Ke7 58. Ra5
Rf1 59. Ra7+ Kf8 60. Kg4 Rb1 61. f4 Kg8 62. Kg5 Rg1+ 63. Kf6 Rf1 64. Ra8+ Kh7
65. f5 Rh1 66. Ra2 Rxh5 67. Rg2 Rh3 68. Kf7 Kh8 69. f6 Kh7 70. Rg4 Rh1 71. Kf8
Ra1 72. Rg7+ Kh8 73. Rb7 Rf1 74. Kf7 Rf2 75. Rb4 Rh2 76. Kf8 Kh7 77. f7 Rf2 78.
Re4 Kg6 79. Rg4+ Kf5 80. Rg3 Ke6 81. Re3+ Kf6 82. Ke8 Kg7 83. Rg3+ 1-0

[Event "SK Bocholt 1 - TV Borken 1"]
[Site "Regionalliga Platz 9 - 12 202"]
[Date "2023.03.18"]
[Round "2.8"]
[White "Tepasse, Wilhelm"]
[Black "Wechsler, Bjoern"]
[Result "1-0"]
[WhiteElo "1741"]
[BlackElo "1393"]
[PlyCount "53"]
[EventDate "2023.??.??"]
[SourceTitle "Verband Muensterland"]
[SourceDate "2023.04.01"]
[SourceVersion "1"]
[SourceVersionDate "2023.04.01"]
[SourceQuality "1"]
[WhiteTeam "SK Bocholt 1"]
[BlackTeam "TV Borken 1"]

1. Nf3 d5 2. g3 e6 3. Bg2 Nf6 4. d4 h6 5. Nbd2 Bd6 6. O-O O-O 7. c4 dxc4 8.
Nxc4 Nc6 9. b3 Re8 10. Bb2 Rb8 11. Nfd2 e5 12. Bxc6 bxc6 13. dxe5 Bxe5 14. Nxe5
Qd5 15. Ndc4 Qe6 16. Qd4 a6 17. Rad1 Bb7 18. Qc5 Qh3 19. f3 Nh5 20. Qf2 Qe6 21.
e4 Nf6 22. Rd2 Rbd8 23. Rfd1 Rxd2 24. Rxd2 Ra8 25. Na5 Bc8 26. Rd8+ Kh7 27. Qc5
1-0

[Event "SK Metelen 1 - SK Dülmen 1"]
[Site "Regionalliga Platz 9 - 12 202"]
[Date "2023.03.18"]
[Round "2.1"]
[White "Grund, Wolfgang"]
[Black "Koch, Alexander"]
[Result "1-0"]
[WhiteElo "1916"]
[BlackElo "2028"]
[PlyCount "83"]
[EventDate "2023.??.??"]
[SourceTitle "Verband Muensterland"]
[SourceDate "2023.04.01"]
[SourceVersion "1"]
[SourceVersionDate "2023.04.01"]
[SourceQuality "1"]
[WhiteTeam "SK Dülmen 1"]
[BlackTeam "SK Metelen 1"]

1. e4 c5 2. Nf3 d6 3. d4 cxd4 4. Nxd4 Nf6 5. Bc4 e5 6. Nf3 Qc7 7. Qd3 Be7 8.
Nc3 O-O 9. Bg5 Be6 10. Bxe6 fxe6 11. O-O a6 12. Rad1 Nbd7 13. h3 h6 14. Bc1 Nh5
15. g3 Rac8 16. Kg2 b5 17. a3 Nb6 18. Qe2 Nc4 19. Rd3 Nf6 20. Nh2 Qb7 21. Ng4
d5 22. Nxf6+ Bxf6 23. Qg4 Rfe8 24. Rf3 Bg5 25. Bxg5 hxg5 26. Re1 d4 27. Nd1 Qe7
28. Rd3 b4 29. axb4 Qxb4 30. Rh1 Nd6 31. h4 Rxc2 32. hxg5 Qb5 33. Rf3 Qb7 34.
g6 Nf5 35. exf5 e4 36. Rh8+ Kxh8 37. Qh5+ Kg8 38. Qh7+ Kf8 39. Qh8+ Ke7 40.
Qxg7+ Kd6 41. Qxb7 exf3+ 42. Qxf3 1-0

[Event "SK Metelen 1 - SK Dülmen 1"]
[Site "Regionalliga Platz 9 - 12 202"]
[Date "2023.03.18"]
[Round "2.2"]
[White "Bernink, Henk"]
[Black "Loedding, Detlef"]
[Result "1/2-1/2"]
[WhiteElo "2012"]
[BlackElo "1916"]
[PlyCount "45"]
[EventDate "2023.??.??"]
[SourceTitle "Verband Muensterland"]
[SourceDate "2023.04.01"]
[SourceVersion "1"]
[SourceVersionDate "2023.04.01"]
[SourceQuality "1"]
[WhiteTeam "SK Metelen 1"]
[BlackTeam "SK Dülmen 1"]

1. d4 Nf6 2. c4 e6 3. Nc3 Bb4 4. e3 O-O 5. Bd3 d5 6. Nf3 c5 7. O-O cxd4 8. exd4
dxc4 9. Bxc4 Nbd7 10. Qd3 Nb6 11. Bb3 Be7 12. Bc2 Nbd5 13. a3 Nxc3 14. bxc3 g6
15. Ne5 Qc7 16. c4 b6 17. Bb2 Bb7 18. Rfe1 Rfd8 19. Qh3 Bd6 20. d5 exd5 21.
Nxg6 fxg6 22. Qe6+ Qf7 23. Qxf6 1/2-1/2

[Event "SK Metelen 1 - SK Dülmen 1"]
[Site "Regionalliga Platz 9 - 12 202"]
[Date "2023.03.18"]
[Round "2.3"]
[White "Rebber, Christian"]
[Black "Grotenhuis, Gerard"]
[Result "1-0"]
[WhiteElo "1868"]
[BlackElo "1931"]
[PlyCount "85"]
[EventDate "2023.??.??"]
[SourceTitle "Verband Muensterland"]
[SourceDate "2023.04.01"]
[SourceVersion "1"]
[SourceVersionDate "2023.04.01"]
[SourceQuality "1"]
[WhiteTeam "SK Dülmen 1"]
[BlackTeam "SK Metelen 1"]

1. b4 d5 2. Bb2 Qd6 3. a3 e5 4. e3 Nf6 5. Nf3 Nbd7 6. Be2 c6 7. b5 c5 8. d3 Qc7
9. Nbd2 d4 10. exd4 exd4 11. a4 b6 12. O-O Bd6 13. Nc4 Bf4 14. g3 Bh6 15. Re1
O-O 16. Nfd2 Bb7 17. Bf3 Nd5 18. Ne4 Rad8 19. Ned6 Ba8 20. Nf5 Bg5 21. Bxd5
Bxd5 22. Qg4 h6 23. Ne7+ Bxe7 24. Rxe7 Bxc4 25. dxc4 Qd6 26. Rae1 Nf6 27. Qf3
Rd7 28. R7e2 Nh7 29. Bc1 Qg6 30. h4 f5 31. Re6 Nf6 32. Qc6 Rfd8 33. Bf4 Kh7 34.
Be5 Rf7 35. Bxf6 gxf6 36. Re7 Rdf8 37. Qc7 Kg7 38. Qxa7 f4 39. Rxf7+ Rxf7 40.
Re7 fxg3 41. Rxf7+ Qxf7 42. Qxf7+ Kxf7 43. a5 1-0

[Event "SK Metelen 1 - SK Dülmen 1"]
[Site "Regionalliga Platz 9 - 12 202"]
[Date "2023.03.18"]
[Round "2.4"]
[White "Wigger, Frank"]
[Black "Gehlen, Horst"]
[Result "1-0"]
[WhiteElo "1848"]
[BlackElo "1765"]
[PlyCount "61"]
[EventDate "2023.??.??"]
[SourceTitle "Verband Muensterland"]
[SourceDate "2023.04.01"]
[SourceVersion "1"]
[SourceVersionDate "2023.04.01"]
[SourceQuality "1"]
[WhiteTeam "SK Metelen 1"]
[BlackTeam "SK Dülmen 1"]

1. e4 c5 2. c3 Nf6 3. e5 Nd5 4. d4 cxd4 5. Nf3 Nc6 6. cxd4 d6 7. Bc4 e6 8. O-O
Be7 9. Qe2 O-O 10. Nc3 Nxc3 11. bxc3 dxe5 12. dxe5 Qc7 13. Qe4 b6 14. Bd3 g6
15. Re1 Bb7 16. Qg4 Rad8 17. Be4 Nxe5 18. Nxe5 f5 19. Bxf5 exf5 20. Qg3 Kg7 21.
Bf4 Bd6 22. h4 Rfe8 23. h5 Re6 24. Nxg6 Rxe1+ 25. Rxe1 Bxf4 26. Nxf4+ Kf7 27.
Qg5 Be4 28. f3 Qxc3 29. Qxd8 Qxe1+ 30. Kh2 Qh4+ 31. Qxh4 1-0

[Event "SK Metelen 1 - SK Dülmen 1"]
[Site "Regionalliga Platz 9 - 12 202"]
[Date "2023.03.18"]
[Round "2.5"]
[White "Liebing, Ingo"]
[Black "Bueckers, Bernhard"]
[Result "1/2-1/2"]
[WhiteElo "1733"]
[BlackElo "1709"]
[PlyCount "63"]
[EventDate "2023.??.??"]
[SourceTitle "Verband Muensterland"]
[SourceDate "2023.04.01"]
[SourceVersion "1"]
[SourceVersionDate "2023.04.01"]
[SourceQuality "1"]
[WhiteTeam "SK Dülmen 1"]
[BlackTeam "SK Metelen 1"]

1. d4 d5 2. Bf4 Nf6 3. e3 e6 4. Nd2 Bd6 5. Bg3 O-O 6. Bd3 b6 7. Ngf3 c5 8. c3
Ba6 9. Bxa6 Nxa6 10. Qe2 Nc7 11. Ne5 Bxe5 12. dxe5 Nd7 13. O-O f6 14. Nf3 fxe5
15. Nxe5 Nxe5 16. Bxe5 Rf5 17. f4 Qe7 18. g4 Rf7 19. Rf3 Raf8 20. Rh3 Ne8 21.
g5 g6 22. Qg4 Nd6 23. Rd1 Ne4 24. Qh4 Rf5 25. Qh6 Qf7 26. c4 Rxe5 27. fxe5 Nf2
28. Rf1 Nxh3+ 29. Qxh3 Qe7 30. Rxf8+ Kxf8 31. Qf3+ Qf7 32. Qf6 1/2-1/2

[Event "SK Metelen 1 - SK Dülmen 1"]
[Site "Regionalliga Platz 9 - 12 202"]
[Date "2023.03.18"]
[Round "2.6"]
[White "Denkler, Juergen"]
[Black "Stegemann, Norbert"]
[Result "1/2-1/2"]
[WhiteElo "1700"]
[BlackElo "1839"]
[PlyCount "56"]
[EventDate "2023.??.??"]
[SourceTitle "Verband Muensterland"]
[SourceDate "2023.04.01"]
[SourceVersion "1"]
[SourceVersionDate "2023.04.01"]
[SourceQuality "1"]
[WhiteTeam "SK Metelen 1"]
[BlackTeam "SK Dülmen 1"]

1. d4 d5 2. c4 c6 3. Nf3 Nf6 4. Nc3 dxc4 5. a4 Bf5 6. e3 e6 7. Bxc4 Nbd7 8. O-O
Bb4 9. Qb3 a5 10. Na2 c5 11. Nxb4 cxb4 12. Bd3 Bxd3 13. Qxd3 O-O 14. b3 Rc8 15.
Bb2 Nc5 16. Qd1 Nce4 17. Ne5 Qd5 18. Nc4 Qd8 19. Rc1 Nd5 20. Qd3 Nd6 21. Nxd6
Qxd6 22. Qb5 Qb6 23. Qd3 h6 24. g3 Rfd8 25. Rc4 Rxc4 26. Qxc4 Rd7 27. Qc8+ Rd8
28. Qc4 Rd7 1/2-1/2

[Event "SK Metelen 1 - SK Dülmen 1"]
[Site "Regionalliga Platz 9 - 12 202"]
[Date "2023.03.18"]
[Round "2.7"]
[White "Reufer, Berthold"]
[Black "Gravenkoetter, Christian"]
[Result "1-0"]
[WhiteElo "1612"]
[BlackElo "1648"]
[PlyCount "63"]
[EventDate "2023.??.??"]
[SourceTitle "Verband Muensterland"]
[SourceDate "2023.04.01"]
[SourceVersion "1"]
[SourceVersionDate "2023.04.01"]
[SourceQuality "1"]
[WhiteTeam "SK Dülmen 1"]
[BlackTeam "SK Metelen 1"]

1. e4 e5 2. d4 exd4 3. Nf3 Nc6 4. Bc4 d6 5. Nxd4 Nxd4 6. Qxd4 Qf6 7. Be3 Be6 8.
Bxe6 fxe6 9. Qb4 O-O-O 10. Qa4 Qxb2 11. O-O a6 12. Nd2 Qb5 13. Qd4 c5 14. Qc3
d5 15. exd5 exd5 16. Qe5 Qc6 17. Nf3 Bd6 18. Qxg7 Ne7 19. Qg4+ Kb8 20. Bf4 Rhg8
21. Bxd6+ Qxd6 22. Qh5 Ka8 23. Rfe1 Nc6 24. Rab1 Rd7 25. Rb6 Ka7 26. Reb1 Qg6
27. Qh3 Qg4 28. Qxg4 Rxg4 29. Rxc6 bxc6 30. Ne5 Rdg7 31. Nxc6+ Ka8 32. Rb8# 1-0

[Event "SK Metelen 1 - SK Dülmen 1"]
[Site "Regionalliga Platz 9 - 12 202"]
[Date "2023.03.18"]
[Round "2.8"]
[White "Buijnsters, Floris"]
[Black "Moews, Robert"]
[Result "1/2-1/2"]
[WhiteElo "1745"]
[BlackElo "1580"]
[PlyCount "61"]
[EventDate "2023.??.??"]
[SourceTitle "Verband Muensterland"]
[SourceDate "2023.04.01"]
[SourceVersion "1"]
[SourceVersionDate "2023.04.01"]
[SourceQuality "1"]
[WhiteTeam "SK Metelen 1"]
[BlackTeam "SK Dülmen 1"]

1. e4 c6 2. Nc3 d5 3. Nf3 dxe4 4. Nxe4 Bg4 5. Bc4 e6 6. h3 Bh5 7. Ng3 Bxf3 8.
Qxf3 Nf6 9. b3 Be7 10. Bb2 O-O 11. Bd3 Nbd7 12. Ne4 Qc7 13. Qg3 Qxg3 14. fxg3
Nxe4 15. Bxe4 Bd6 16. Kf2 Bc5+ 17. Ke2 Be7 18. Rhf1 Rad8 19. d3 Bf6 20. Bxf6
Nxf6 21. Bf3 Rfe8 22. Rae1 Nd5 23. Kd2 Re7 24. Re2 Red7 25. Rfe1 b5 26. a3 a5
27. Re4 Ne7 28. a4 b4 29. Rc4 Rd6 30. Rc5 Ra8 31. Rce5 1/2-1/2